000 00853nmm a2200265 a 4500
001 ocm0001256958
003 TR-IsHL
005 20201028160746.0
008 160715s2012 tu tur
007 cr cn
020 _a9786055233938
035 _a1256958
_b(N$T)
050 0 4 _aPL232
_b.Y37 2012
090 0 4 _aPL232
_b.Y37 2012
245 1 0 _aYaşayan aşk şiirleri
_h[electronic resource] /
_cderleyen Halil Gökhan
260 _aİstanbul :
_bKafekültür Yayıncılık,
_c2012
300 _a136 p.
650 4 _aDil ve Edebiyat
650 4 _aLanguage and Literature
650 0 _aTürk şiiri
_xAntolojiler
650 0 _aTurkish poetry
_xAnthologies
650 7 _aPOETRY / Middle Eastern
_2bisacsh
700 1 _aGökhan, Halil
856 4 0 _uhttp://search.ebscohost.com/login.aspx?direct=true&scope=site&db=e011xww&AN=1256958
999 _c13768
_d13768